Movimientos juveniles : de la globalización a la antiglobalización /

Aportaciones teóricas e históricas sobre América y Europa sobre los movimientos juveniles presentes en momentos claves de la historia del siglo XX. En ellos se revisa el camino que va desde la globalización a la antiglobalización. El espectro temporal va desde la reforma universitaria que surgió en...

Mô tả đầy đủ

Đã lưu trong:
Chi tiết về thư mục
Tác giả chính: Feixa, Carles (ed.)
Tác giả khác: Saura, Joan R. (edición) (edición), Costa, Carmen (edición) (edición)
Định dạng: Sách
Ngôn ngữ:Tiếng Tây Ban Nha
Được phát hành: Barcelona, España : Ariel, 2002, c2002
Loạt:(Ariel Social)
Những chủ đề:
Các nhãn: Thêm thẻ
Không có thẻ, Là người đầu tiên thẻ bản ghi này!

MARC

LEADER 00000nam^a2200000^a^4500
001 000182845
005 20250521000000.0
009 20260310102020.867
020 |a 84-344-4246-9 
037 |a Acervo ITESO - Biblioteca 
041 |a ESP 
082 |a 305. 23  |b FEI 
100 |a Feixa, Carles  |e (ed.) 
245 1 0 |a Movimientos juveniles :  |b de la globalización a la antiglobalización /  |c Ed. de C. Feixa, J.R. Saura, C. Costa. 
264 4 |a Barcelona, España :  |b Ariel,  |c 2002, c2002 
300 |a 171 p. 
336 |a texto  |b txt  |2 rdacontenido 
337 |a sin mediación  |b n  |2 rdamedio 
338 |a volumen  |b nc  |2 rdasoporte 
440 1 |a (Ariel Social) 
520 |a Aportaciones teóricas e históricas sobre América y Europa sobre los movimientos juveniles presentes en momentos claves de la historia del siglo XX. En ellos se revisa el camino que va desde la globalización a la antiglobalización. El espectro temporal va desde la reforma universitaria que surgió en Córdoba, Argentina en 1918 a la revuelta de antimundialización que confluyó en Génova, Italia en el verano del 2001. Se incluyen los sucesos de 1964 en Berkeley, 1973 en Chile y 1994 en Chiapas, México. 
649 |a XX 
650 |a Jóvenes 
650 |a Altermundistas 
650 |a Movimientos Estudiantiles 
650 |a Conflicto Social 
650 |a Globalización -  |x Historia y Crítica 
650 |a Movimientos Sociales 
650 |a Diferencia y Otredad 
650 |a Sociología de la Cultura 
650 |a Antropología Cultural 
700 |a Saura, Joan R.  |e (edición) 
700 |a Costa, Carmen  |e (edición) 
910 |a Fondo General 
920 |a Impresos - Libros 
930 |a Colección General 
905 |a 101 
901 |a 0500122790  |b IT1  |c ACC  |u 20250521 
902 |a https://opac.biblio.iteso.mx/vufind/Record/000182845